| 000 | 02549cam a22006014i 4500 | ||
|---|---|---|---|
| 003 | PE-LiUPU | ||
| 005 | 20250731170358.0 | ||
| 008 | 150617s1978 sp rb 000 0 spa d | ||
| 020 | _a844004738X | ||
| 020 | _a9788440047380 | ||
| 035 | _a(Sirsi) i9788440047380 | ||
| 040 |
_aPE-LiUPU _bspa _cPE-LiUPU _erda |
||
| 049 | _aPRUA | ||
| 082 | 0 | 4 |
_a153.45 _bM42 _221 |
| 100 | 1 |
_aMendez, José María, _eautor. |
|
| 245 | 1 | 0 |
_aValores éticos / _cJosé María Mendez. |
| 264 | 1 |
_aMadrid : _bEstudios de Axiología, _c1978. |
|
| 300 |
_a623 páginas ; _c21 centímetros |
||
| 336 |
_atext _2rdacontent |
||
| 337 |
_aunmediated _2rdamedia |
||
| 338 |
_avolume _2rdacarrier |
||
| 504 | _aIncluye bibliografía. | ||
| 505 | 0 | _aEl valor de la verdad, límites del conocimiento humano -- El conocimiento lógico o puramente formal -- El conocimiento físico -- El conocimiento metafísico -- El conocimiento axiológico -- Axiología, el conocimiento de los valores -- Irreductibilidad del conocimiento axiológico -- Fines y medios -- La economía o ciencia de los medios -- Metaxiología, el ser de los valores -- Historia breve de la axiología. El valor de los valores -- Los valores obligatorios o éticos -- Virtudes formales -- El deber - ser ético -- Derecho y axiología -- Tabla de valores éticos -- Fisiodulia o respeto a la naturaleza -- La paz o respeto a la persona -- Solidaridad o justicia general -- Equidad o justicia particular -- Templanzas -- Sobriedad -- Teología y participación -- La persona humana. | |
| 526 | _aSEG68 | ||
| 526 | _aSEG70 | ||
| 526 | _aSEG69 | ||
| 526 | _aSEG67 | ||
| 526 | _aSEG43 | ||
| 526 | _aP144 | ||
| 526 | _aP143 | ||
| 526 | _aP131 | ||
| 526 | _aP122 | ||
| 526 | _aP120 | ||
| 526 | _aP117 | ||
| 526 | _aP112 | ||
| 526 | _aP110 | ||
| 526 | _aP106 | ||
| 526 | _aP101 | ||
| 526 | _aP80 | ||
| 526 | _aP59 | ||
| 526 | _aP54 | ||
| 526 | _aP35 | ||
| 526 | _aP33 | ||
| 526 | _aP30 | ||
| 650 | 0 | 4 | _aAxiología. |
| 910 |
_ajck _bjvq _cjck _d20150616 |
||
| 942 |
_2ddc _cBOOK |
||
| 949 |
_a153.45 M42 _wDEWEY _c1 _i21594 _d2016-6-21 _e2016-6-20 _lCCODEBUL1 _mBUL _n1 _r0 _sY _tBOOK _u2015-6-17 _xSALUD _zUNKNOWN _0COMPRA _o.STAFF. Colección Ciencias de la Salud |
||
| 994 |
_aC0 _bPEPRU |
||
| 596 | _a1 | ||
| 999 |
_a153.45 M42 _wDEWEY _c1355 _i21594 _d1355 _e2017-9-12 _f2021-11-3 _g5 _lCCODEBUL1 _mBUL _n2 _p35.00 _q3 _r0 _sY _tBOOK _u2015-6-17 _xSALUD _zUNKNOWN _0COMPRA _o.STAFF. Colección Ciencias de la Salud |
||
| 980 |
_81 _gALBERTO SANCHEZ Responsable de Automatización |
||